|
|
|
|
| LEADER |
00950nam a2200349 4500 |
| 001 |
DLU120131230 |
| 005 |
##20120214 |
| 040 |
# |
# |
|a DLU
|b vie
|
| 041 |
# |
# |
|a vie
|
| 044 |
# |
# |
|a vn
|
| 082 |
# |
# |
|a 155.904 2
|b PA-S
|
| 100 |
# |
# |
|a Palmer, Stephen.
|
| 245 |
# |
# |
|a Giải toả mâu thuẫn và stress =
|b How to deal with stress /
|c Stephen Palmer, Cary Cooper; Việt Hà, Lan Nguyên biên dịch.
|
| 246 |
# |
# |
|a How to deal with stress
|
| 260 |
# |
# |
|a Tp. Hồ Chí Minh :
|b Tổng hợp,
|c 2008.
|
| 300 |
# |
# |
|a 141 tr. ;
|c 21 cm.
|
| 490 |
# |
# |
|a Creating success
|
| 650 |
# |
# |
|a Quản lý stress.
|
| 700 |
# |
# |
|a Lan Nguyên,
|e biên dịch.
|
| 700 |
# |
# |
|a Việt Hà,
|e biên dịch.
|
| 700 |
# |
# |
|a Cooper, Cary.
|
| 923 |
# |
# |
|a 01/2012DL
|
| 991 |
# |
# |
|a SH
|
| 992 |
# |
# |
|a 24000
|
| 994 |
# |
# |
|a KDL
|
| 900 |
# |
# |
|a True
|
| 911 |
# |
# |
|a Nguyễn Thanh Hương
|
| 925 |
# |
# |
|a G
|
| 926 |
# |
# |
|a A
|
| 927 |
# |
# |
|a SH
|
| 980 |
# |
# |
|a Thư viện Trường Đại học Đà Lạt
|